[Event "Izmailov Memorial op 17th"]
[Site "Tomsk"]
[Date "2013.06.11"]
[Round "1"]
[White "Burdinsky, Vyacheslav"]
[Black "Puraev, Artemiy"]
[Result "1-0"]
[WhiteElo "1880"]
[BlackElo "2226"]
[PlyCount "105"]
[EventDate "2013.06.11"]
[EventType "swiss"]
[EventRounds "9"]
[EventCountry "RUS"]
[SourceTitle "CBM 154 Extra"]
[Source "ChessBase"]
[SourceDate "2013.06.25"]
[SourceVersion "2"]
[SourceVersionDate "2013.06.25"]
[SourceQuality "1"]

1. e4 e6 2. d4 d5 3. e5 c5 4. c3 Qb6 5. Nf3 Nc6 6. a3 Nh6 7. b4 cxd4 8. Bxh6 gxh6 9. cxd4 Bd7 10. Nc3 Nxb4 11. axb4 Bxb4 12. Qd3 Rc8 13. Rc1 Qa5 14. Kd2 a6 15. Be2 Bb5 16. Qe3 Bxe2 17. Kxe2 Bxc3 18. Rhd1 Kd7 19. Kf1 b5 20. Qf4 Rhf8 21. Qxh6 b4 22. Qxh7 b3 23. Ng5 Qd8 24. Qd3 Qa5 25. Qh7 Qd8 26. Qd3 Qxg5 27. Rxc3 b2 28. Rb1 Qc1+ 29. Rbxc1 bxc1R+ 30. Rxc1 Rxc1+ 31. Ke2 Rc6 32. h4 Rb8 33. h5 a5 34. Qa3 Ra6 35. Qa4+ Kc7 36. g4 Raa8 37. h6 Rb4 38. Qa3 Kb6 39. Qc3 Rc4 40. Qb3+ Kc6 41. g5 Rxd4 42. f3 a4 43. Qa3 Kb5 44. Qe7 Rb8 45. Qxf7 Rb4 46. g6 Rb2+ 47. Ke3 Rb3+ 48. Kf2 a3 49. g7 Rb2+ 50. Kg3 a2 51. Qa7 Kc6 52. h7 R2b7 53. Qa4+ 1-0